| 000 | 01202cam a2200301 a 4500 | ||
|---|---|---|---|
| 001 | 17464531 | ||
| 003 | OSt | ||
| 005 | 20230602134431.0 | ||
| 008 | 120915s2011 ke a f100 0 eng | ||
| 010 | _a 2012311852 | ||
| 040 |
_aDLC _cDLC |
||
| 042 |
_alcode _apcc |
||
| 043 | _af-ke--- | ||
| 050 | 0 | 0 |
_aHB3662.5.A3 _bN37 2010 |
| 111 | 2 |
_aNational Leaders' Population Conference _n(2nd : _d2010 : _cNairobi, Kenya) |
|
| 245 | 1 | 0 |
_aNational Population Leaders' Conference : _bKICC, Nairobi, Kenya,15-17 November, 2010 : final report. |
| 246 | 3 | 0 | _aFinal report |
| 246 | 1 | 7 | _aReport of the National Leaders' Conference on Population and Development |
| 260 |
_aNairobi, Kenya : _bNational Coordinating Agency for Population and Development, _cc2011. |
||
| 300 |
_a84 p. : _bcol. ill. ; _c30 cm. |
||
| 500 | _aCover title. | ||
| 651 | 0 |
_aKenya _xPopulation policy _vCongresses. |
|
| 651 | 0 |
_aKenya _xPopulation _vCongresses. |
|
| 710 | 1 |
_aKenya. _bNational Coordinating Agency for Population and Development. |
|
| 906 |
_a7 _bcbc _corigode _d3 _encip _f20 _gy-gencatlg |
||
| 942 |
_2ddc _cBK |
||
| 999 |
_c146 _d146 |
||